000 006100000a22001930004500
090 _aAR
_b01659
245 1 0 _aNotas sobre Matisia longiflora gleas. (<Bombacaceae>)
650 1 4 _aFlora
_992293
650 1 4 _aMorfología vegetal
_918295
650 1 4 _aHábitat vegetal
_995074
650 1 4 _aDistribución geográfica
_992997
651 4 _dBoyacá
_pColombia
_992749
653 _fBombacaceae
_gMatisia
_eMatisia longiflora
041 0 _aEspañol
700 1 _aCogollo Pacheco, Alvaro
_910133
100 1 _aFernández Alonso, José Luis
_94621
942 _cARTICULO
773 1 _tCaldasia
_345
_h1
_q173-176
_d1992
_g17
999 _c10739
_d10739